00405nam a2200121Ia 4500001000400000008004100004082002300045100005500068245009400123260002400217901002700241999001500268888241024s9999 xx 000 0 und d aRD/370.97293/OE28p aRepública Dominicana. Oficina Nacional de la OEI 0aPrograma de Apoyo a la Mejora de la Calidad Educativa en República Dominicana(Sintesis) bSanto Domingoc2008 a8/12/2010 1:52:33 p.m. c9134d9134